000 00695nam a2200181 a 4500
005 20140412111231.0
008 020416s19uu xx 00 eng d
020 _a0-06-445048-1
050 _aTR(GS 533
_bB7 1986
100 _aBranley, Franklyn M.
245 _aAir is all around you :
_cby Franklin M. Branley; illustrated by Holly Keller.
_bages 4-8 /
260 _aNew York :
_bA Haper Trophy Book,
_c1986.
300 _a31 p. ; ill.
440 _aA Let's-read-and-find-out science book
520 _aDescribes the various properties of air and shows how to prove that air takes up space and that there is air dissolved in water.
650 _aAir
_xJuvenile literature
999 _c102174
_d102174